[Event "Russian Championship B19 2016"]
[Site "Loo"]
[Date "2016.04.23"]
[Round "4.2"]
[White "Drygalov, Sergey"]
[Black "Zakaryan, David"]
[Result "1/2-1/2"]
[WhiteElo "2372"]
[BlackElo "2342"]
[PlyCount "81"]
[EventDate "2016.04.20"]

1. Nf3 Nf6 2. c4 g6 3. Nc3 d5 4. cxd5 Nxd5 5. Qa4+ Bd7 6. Qh4 Nxc3 7. dxc3 Nc6
8. e4 h6 9. Qg3 e5 10. Nxe5 Qe7 11. Nxd7 Qxe4+ 12. Be3 Kxd7 13. O-O-O+ Bd6 14.
Bf4 Rad8 15. Bxd6 cxd6 16. Bb5 Kc7 17. Rhe1 Qf5 18. Bxc6 Kxc6 19. Re7 Rd7 20.
Rd4 Rhd8 21. Rc4+ Kb5 22. Rb4+ Kc6 23. Rc4+ Kb5 24. Rc7 Rxc7 25. Rxc7 Rd7 26.
c4+ Kb6 27. Rc8 Qg5+ 28. Qxg5 hxg5 29. Kd2 Re7 30. f3 a5 31. b3 d5 32. c5+ Kb5
33. Kd3 Re1 34. Rc7 Rd1+ 35. Ke3 d4+ 36. Ke2 Rb1 37. Kd3 Rd1+ 38. Ke2 Rb1 39.
Kd3 Rd1+ 40. Ke2 Rb1 41. Kd3 1/2-1/2

[Event "Russian Championship B19 2016"]
[Site "Loo"]
[Date "2016.04.23"]
[Round "4.3"]
[White "Yeletsky, Ivan"]
[Black "Ivlev, Aleksey"]
[Result "1-0"]
[WhiteElo "2344"]
[BlackElo "2302"]
[PlyCount "67"]
[EventDate "2016.04.20"]

1. d4 Nf6 2. c4 e6 3. Nc3 Bb4 4. Qc2 d5 5. cxd5 exd5 6. Bg5 h6 7. Bh4 O-O 8. e3
c6 9. Bd3 Na6 10. Nge2 Bd6 11. a3 Nc7 12. Bg3 Re8 13. h3 Ne6 14. O-O-O Be7 15.
Kb1 b5 16. e4 dxe4 17. Nxe4 Qb6 18. Nd6 Rd8 19. Nf5 Bf8 20. Be5 Nd5 21. Nxh6+
Kh8 22. Nxf7+ Kg8 23. Nxd8 Nxd8 24. Bh7+ Kh8 25. Qg6 Qb7 26. Qh5 Nf6 27. Bxf6
gxf6 28. Bc2+ Kg8 29. Rd3 Ne6 30. Rg3+ Bg7 31. Qe8+ Nf8 32. Bb3+ Kh7 33. Qh5+
Bh6 34. Bg8+ 1-0

[Event "Russian Championship B19 2016"]
[Site "Loo"]
[Date "2016.04.23"]
[Round "4.4"]
[White "Litvinov, Maxim"]
[Black "Zhuk, Valeriy"]
[Result "1/2-1/2"]
[WhiteElo "2413"]
[BlackElo "2310"]
[PlyCount "94"]
[EventDate "2016.04.20"]

1. e4 e6 2. d4 d5 3. Nd2 Be7 4. Ngf3 Nf6 5. Bd3 c5 6. e5 Nfd7 7. c3 Nc6 8. O-O
g5 9. dxc5 g4 10. Nd4 Ndxe5 11. Bb5 h5 12. f4 gxf3 13. N2xf3 Bd7 14. b4 Ng6 15.
Qe2 Qc7 16. Bxc6 bxc6 17. Ng5 Qe5 18. Qf2 O-O 19. Bd2 Qg7 20. Rae1 a5 21. a3
axb4 22. axb4 Ra2 23. Ra1 Rxa1 24. Rxa1 e5 25. Ne2 e4 26. Nd4 Ne5 27. Nf5 Bxf5
28. Qxf5 Nc4 29. Bf4 Bxg5 30. Qxg5 Qxg5 31. Bxg5 Kg7 32. Kf2 Kg6 33. Bf4 Kf5
34. g3 h4 35. Ra7 hxg3+ 36. hxg3 f6 37. Ra6 Rc8 38. Kg2 Kg4 39. Ra7 Re8 40. Kf2
e3+ 41. Ke2 Kf5 42. Rc7 Re6 43. Rh7 Re8 44. Rh5+ Kg4 45. Rh4+ Kf5 46. Rh5+ Kg4
47. Rh4+ Kf5 1/2-1/2

[Event "Russian Championship B19 2016"]
[Site "Loo"]
[Date "2016.04.23"]
[Round "4.5"]
[White "Khanin, Semen"]
[Black "Shapiro, David"]
[Result "1/2-1/2"]
[WhiteElo "2396"]
[BlackElo "2230"]
[PlyCount "63"]
[EventDate "2016.04.20"]

1. e4 e5 2. Nf3 Nf6 3. Nxe5 d6 4. Nf3 Nxe4 5. Nc3 Nxc3 6. dxc3 Be7 7. Bf4 Nd7
8. Qd2 Nc5 9. Bc4 Be6 10. Bxe6 Nxe6 11. O-O-O Qd7 12. Be3 O-O-O 13. Kb1 Kb8 14.
h4 Qc6 15. Qd3 Bf6 16. Qf5 h5 17. Ng5 Qd7 18. Rh3 Bxg5 19. hxg5 g6 20. Qf6 Qb5
21. g4 h4 22. Rdh1 Rde8 23. b3 Nc5 24. Bxc5 Qxc5 25. Rxh4 Rxh4 26. Rxh4 a5 27.
Rh8 Qc6 28. a4 Rxh8 29. Qxh8+ Ka7 30. Qf6 Qe8 31. Kb2 b6 32. f4 1/2-1/2

[Event "Russian Championship B19 2016"]
[Site "Loo"]
[Date "2016.04.23"]
[Round "4.6"]
[White "Drygalov, Andrey"]
[Black "Murtazin, Bulat"]
[Result "1/2-1/2"]
[WhiteElo "2317"]
[BlackElo "2319"]
[PlyCount "91"]
[EventDate "2016.04.20"]

1. e4 e6 2. d4 d5 3. Nd2 a6 4. Ngf3 c5 5. exd5 exd5 6. Be2 cxd4 7. O-O Bd6 8.
Nb3 Ne7 9. Nbxd4 O-O 10. Re1 Qc7 11. Bg5 Nbc6 12. c3 Bg4 13. h3 Bh5 14. Qd2
Rfe8 15. Bd3 Na5 16. Bxe7 Bxe7 17. Re5 Bg6 18. Rxd5 Bf6 19. Bxg6 hxg6 20. b3 b6
21. Rd1 Nb7 22. Ne2 Nc5 23. Ng3 b5 24. h4 Rac8 25. h5 gxh5 26. Nxh5 Ne4 27.
Nxf6+ Nxf6 28. Rd4 Qxc3 29. Qxc3 Rxc3 30. Rd6 Rc2 31. Rxa6 Ng4 32. Rf1 g6 33.
a4 b4 34. Rb6 Re4 35. a5 Ra2 36. Ng5 Re5 37. Nh3 Rexa5 38. Rxb4 Ne5 39. Rb8+
Kg7 40. b4 Rd5 41. Re1 Ng4 42. b5 Rb2 43. b6 Rdb5 44. b7 Rxb7 45. Rxb7 Rxb7 46.
f3 1/2-1/2

[Event "Russian Championship B19 2016"]
[Site "Loo"]
[Date "2016.04.23"]
[Round "4.7"]
[White "Kovalev, Egor"]
[Black "Timerkhanov, Alexander"]
[Result "0-1"]
[WhiteElo "2207"]
[BlackElo "2260"]
[PlyCount "100"]
[EventDate "2016.04.20"]

1. e4 c5 2. Nf3 d6 3. d4 cxd4 4. Nxd4 Nf6 5. Nc3 a6 6. h3 g6 7. Be3 Bg7 8. Qd2
Nc6 9. O-O-O Bd7 10. g4 b5 11. g5 Nh5 12. Nxc6 Bxc6 13. Nd5 Bxd5 14. exd5 O-O
15. Be2 b4 16. Bxh5 gxh5 17. Qe2 a5 18. Bd4 a4 19. Bxg7 Kxg7 20. Qxh5 b3 21. a3
bxc2 22. Rd4 Qc8 23. Qh6+ Kh8 24. g6 fxg6 25. Rh4 Rf7 26. Qxg6 Qg8 27. Qxg8+
Rxg8 28. Rf1 Rg5 29. Rxa4 Rxd5 30. Kxc2 Rf3 31. Kb1 Kg7 32. Re4 e5 33. Re3 Rf4
34. b4 Kf6 35. Rb3 Rb5 36. Rd1 d5 37. f3 Ke6 38. Rg1 Rb7 39. Rg4 d4 40. Rxf4
exf4 41. b5 Kd5 42. Kc2 Rb6 43. a4 Kc4 44. a5 Rg6 45. b6 Rg2+ 46. Kd1 Kxb3 47.
b7 Rg8 48. a6 Kc3 49. a7 d3 50. Ke1 d2+ 0-1

[Event "Russian Championship B19 2016"]
[Site "Loo"]
[Date "2016.04.23"]
[Round "4.8"]
[White "Khramov, Andrey"]
[Black "Aleksandrovskiy, Dmitriy"]
[Result "0-1"]
[WhiteElo "2125"]
[BlackElo "2252"]
[PlyCount "50"]
[EventDate "2016.04.20"]

1. e4 d5 2. exd5 Qxd5 3. Nc3 Qd6 4. d4 Nf6 5. Nf3 a6 6. h3 b5 7. Be2 Bb7 8. Be3
Nbd7 9. O-O e6 10. Re1 Rd8 11. a4 b4 12. Nb1 c5 13. dxc5 Qc6 14. Nbd2 Nxc5 15.
Bf1 Bd6 16. a5 Nd5 17. Bd4 O-O 18. Nb3 Nf4 19. Nbd2 Bb8 20. c3 e5 21. Bxc5
Nxh3+ 22. gxh3 Rxd2 23. Qxd2 Qxf3 24. Kh2 e4+ 25. Bd6 e3 0-1

[Event "Russian Championship B19 2016"]
[Site "Loo"]
[Date "2016.04.23"]
[Round "4.9"]
[White "Kozionov, Kirill"]
[Black "Ioffe, Ilya"]
[Result "1-0"]
[WhiteElo "2423"]
[BlackElo "2185"]
[PlyCount "61"]
[EventDate "2016.04.20"]

1. e4 e5 2. Nf3 Nc6 3. d4 exd4 4. Bc4 Bc5 5. c3 Nf6 6. e5 d5 7. Bb5 Ne4 8. cxd4
Bb6 9. Nc3 O-O 10. Be3 f6 11. exf6 Nxc3 12. bxc3 Qxf6 13. O-O Bg4 14. Be2 Rae8
15. a4 Na5 16. Ne5 Bf5 17. g4 Bc8 18. f4 c6 19. Rf3 Bc7 20. Rh3 Re7 21. Qd3 g6
22. Rf1 a6 23. Bf2 Qe6 24. Bh4 Ree8 25. f5 gxf5 26. gxf5 Qd6 27. f6 Rxe5 28.
Qg3+ Kf7 29. Qg7+ Ke8 30. dxe5 Qxe5 31. Bh5+ 1-0

[Event "Russian Championship B19 2016"]
[Site "Loo"]
[Date "2016.04.23"]
[Round "4.10"]
[White "Mingazov, Almaz"]
[Black "Tarasov, Alexandr"]
[Result "1/2-1/2"]
[WhiteElo "2181"]
[BlackElo "2348"]
[PlyCount "93"]
[EventDate "2016.04.20"]

1. d4 Nf6 2. c4 c5 3. d5 b5 4. cxb5 a6 5. b6 g6 6. Nc3 d6 7. e4 Nbd7 8. a4 Qxb6
9. a5 Qb8 10. Nf3 Bg7 11. Nd2 O-O 12. Nc4 Bb7 13. Be2 Ne8 14. Bg5 f6 15. Bh4
Qd8 16. O-O Nc7 17. Ne3 Rb8 18. f4 Bc8 19. Qd2 Nb5 20. Nxb5 axb5 21. b4 f5 22.
e5 cxb4 23. Qxb4 Nc5 24. exd6 Qxd6 25. Rac1 Na6 26. Qd2 Bd7 27. Rfd1 Rbc8 28.
Nf1 Nc5 29. Qb4 Ne4 30. Qxd6 exd6 31. Rxc8 Rxc8 32. Bf3 Nc3 33. Re1 b4 34. Nd2
Ba4 35. Re7 b3 36. Rb7 b2 37. a6 Nb5 38. Be2 Rc1+ 39. Bf1 Bd4+ 40. Bf2 Bxf2+
41. Kxf2 Rc2 42. a7 Nxa7 43. Ke3 Rc3+ 44. Kd4 Rb3 45. Rxa7 b1=Q 46. Nxb1 Rxb1
47. Rxa4 1/2-1/2

[Event "Russian Championship B19 2016"]
[Site "Loo"]
[Date "2016.04.23"]
[Round "4.11"]
[White "Mikheev, Aleksey"]
[Black "Obodenko, Amir"]
[Result "1-0"]
[WhiteElo "2268"]
[BlackElo "2133"]
[PlyCount "75"]
[EventDate "2016.04.20"]

1. e4 c5 2. Nc3 Nc6 3. g3 g6 4. Bg2 Bg7 5. d3 e6 6. Be3 d6 7. Qd2 a6 8. Nge2
Qc7 9. O-O Nge7 10. f4 O-O 11. g4 Nd4 12. Ng3 f5 13. gxf5 gxf5 14. Nd1 Bd7 15.
c3 Ndc6 16. Nf2 Rad8 17. Nh3 Kh8 18. Rae1 fxe4 19. dxe4 Na5 20. b3 d5 21. Nh5
Bh6 22. f5 Bxe3+ 23. Qxe3 Bb5 24. Qg5 Nec6 25. Rf2 Qe5 26. f6 Rg8 27. Qxe5 Nxe5
28. exd5 Nd3 29. Rxe6 Nxf2 30. Kxf2 Be8 31. N5f4 Rf8 32. Ng5 h6 33. Ne4 Bf7 34.
Re7 Rde8 35. Nd6 Rxe7 36. fxe7 Re8 37. Nxf7+ Kg7 38. Nd6 1-0

[Event "Russian Championship B19 2016"]
[Site "Loo"]
[Date "2016.04.23"]
[Round "4.12"]
[White "Feoktistov, Nikita"]
[Black "Zhileykin, Andrey"]
[Result "1-0"]
[WhiteElo "2194"]
[BlackElo "2254"]
[PlyCount "60"]
[EventDate "2016.04.20"]

1. d4 Nf6 2. Bg5 Ne4 3. Bh4 g5 4. f3 gxh4 5. fxe4 c5 6. e3 Bh6 7. Kf2 cxd4 8.
exd4 Nc6 9. Nf3 d6 10. Nc3 O-O 11. Bc4 Kh8 12. Re1 h3 13. g3 Bg7 14. Nd5 Bg4
15. c3 f5 16. Ne3 Bxf3 17. Kxf3 fxe4+ 18. Kxe4 e6 19. Kd3 d5 20. Bb5 Qe8 21.
Bxc6 Qg6+ 22. Kd2 bxc6 23. Qg4 Qh6 24. Rf1 c5 25. dxc5 Rfb8 26. Rab1 d4 27.
cxd4 Rb4 28. Ke2 Bxd4 29. Qe4 Rab8 30. Nc2 Rxb2 1-0

[Event "Russian Championship B19 2016"]
[Site "Loo"]
[Date "2016.04.23"]
[Round "4.13"]
[White "Kuzmin, Egor"]
[Black "Kontsevik, Georgy"]
[Result "1-0"]
[WhiteElo "2242"]
[BlackElo "2163"]
[PlyCount "123"]
[EventDate "2016.04.20"]

1. d4 e6 2. c4 f5 3. Nf3 Nf6 4. g3 d6 5. Bg2 Be7 6. O-O O-O 7. Nc3 Qe8 8. b4
Nbd7 9. a4 Bd8 10. Qb3 Kh8 11. d5 exd5 12. cxd5 Ne5 13. Nd4 Qh5 14. f4 Neg4 15.
h3 Nh6 16. a5 Qg6 17. Kh2 Nh5 18. Nd1 a6 19. Bb2 Ng8 20. Nf2 Ngf6 21. Rae1 Re8
22. e4 Nxe4 23. Nxe4 fxe4 24. f5 Qf7 25. Bxe4 Nf6 26. Ne6 Qe7 27. Bg2 Bxe6 28.
fxe6 Rc8 29. b5 axb5 30. Qxb5 c6 31. dxc6 bxc6 32. Bxc6 Bxa5 33. Re2 Rf8 34.
Bxf6 gxf6 35. Rf5 Bc3 36. Rh5 f5 37. Bg2 Rc5 38. Qd7 Bf6 39. Rd2 Qxd7 40. exd7
Be5 41. Bd5 f4 42. Be4 fxg3+ 43. Kg2 Kg7 44. Rxh7+ Kf6 45. Rd1 Ke6 46. h4 d5
47. Bxd5+ Rxd5 48. Rh6+ Bf6 49. Rxf6+ Kxf6 50. Rxd5 Rd8 51. h5 Ke6 52. Rd1 Ke7
53. Rd3 Kf6 54. Kxg3 Kg5 55. Rd5+ Kf6 56. Kf4 Ke6 57. Rd1 Kf6 58. Rd6+ Ke7 59.
Ke5 Kf7 60. h6 Ke7 61. Kd5 Kf7 62. Kc6 1-0

[Event "Russian Championship B19 2016"]
[Site "Loo"]
[Date "2016.04.23"]
[Round "4.14"]
[White "Shilyaev, Fedor"]
[Black "Lavrinenko, Aleksandr"]
[Result "0-1"]
[WhiteElo "2203"]
[BlackElo "1969"]
[PlyCount "122"]
[EventDate "2016.04.20"]

1. e4 c5 2. Nf3 d6 3. d4 cxd4 4. Nxd4 Nf6 5. Nc3 a6 6. Bg5 e6 7. f4 h6 8. Bxf6
Qxf6 9. Qd2 Nc6 10. Nf3 g5 11. fxg5 hxg5 12. Qxg5 Qxg5 13. Nxg5 b5 14. Nf3 Bg7
15. O-O-O Ke7 16. Bd3 Bb7 17. Ne2 Rag8 18. Kb1 Ne5 19. Rdf1 Bf6 20. Nf4 Rg4 21.
g3 Nxf3 22. Rxf3 Be5 23. Rhf1 Bxf4 24. Rxf4 Rxf4 25. gxf4 Rxh2 26. b4 Rh4 27.
Kb2 e5 28. fxe5 dxe5 29. Re1 Rf4 30. a3 Bc6 31. Kc3 Kd6 32. Rd1 Rf3 33. Kb2 Ke7
34. Re1 Kf6 35. Kc3 Kg5 36. Kd2 Kf4 37. Rh1 Rf2+ 38. Kc3 Ke3 39. Re1+ Kf3 40.
Kb3 Kf4 41. Kc3 Rf3 42. Kd2 Bd7 43. a4 f6 44. axb5 Rf2+ 45. Kc3 Bxb5 46. Rh1
Ke3 47. Rh3+ Rf3 48. Rh2 Bc6 49. Bxa6 Kxe4+ 50. Kc4 Bd5+ 51. Kc5 Rc3+ 52. Kb6
f5 53. Bd3+ Kf4 54. b5 e4 55. Bf1 Ke5 56. Ka7 f4 57. b6 f3 58. Rh5+ Kd4 59.
Rxd5+ Kxd5 60. b7 Rc7 61. c4+ Ke6 0-1

[Event "Russian Championship B19 2016"]
[Site "Loo"]
[Date "2016.04.23"]
[Round "4.15"]
[White "Gogin, Maksim"]
[Black "Sizintsev, Alexey"]
[Result "1-0"]
[WhiteElo "2324"]
[BlackElo "2125"]
[PlyCount "111"]
[EventDate "2016.04.20"]

1. d4 Nf6 2. Nf3 g6 3. g3 Bg7 4. Bg2 O-O 5. O-O d6 6. c4 Nc6 7. Nc3 a6 8. Qd3
Nd7 9. Bg5 h6 10. Be3 e5 11. Qd2 Kh7 12. b3 f5 13. dxe5 Ndxe5 14. h3 Nxf3+ 15.
Bxf3 f4 16. Bxf4 Bxh3 17. Rfd1 g5 18. Be3 Rb8 19. Be4+ Kh8 20. Bxc6 bxc6 21.
Bd4 Qe7 22. Bxg7+ Kxg7 23. Qd4+ Kg8 24. Rd3 Rf7 25. Qe4 Qxe4 26. Nxe4 Bf5 27.
Re3 Re7 28. Nc3 Rxe3 29. fxe3 Re8 30. Kf2 Kg7 31. Kf3 h5 32. e4 Bg4+ 33. Ke3
Rf8 34. Rc1 Kg6 35. c5 h4 36. cxd6 cxd6 37. Rd1 hxg3 38. Rg1 Kh5 39. Rxg3 Kh4
40. Rg1 Bh3 41. Rd1 Rf6 42. e5 dxe5 43. Ne4 Rf4 44. Rd8 Be6 45. Rh8+ Kg4 46.
Nf2+ Kf5 47. Nd3 Re4+ 48. Kf2 g4 49. Rf8+ Kg5 50. Nc5 g3+ 51. Kxg3 Rg4+ 52. Kf3
Bf5 53. Rg8+ Kh4 54. Rxg4+ Bxg4+ 55. Ke3 Bc8 56. Ke4 1-0

[Event "Russian Championship B19 2016"]
[Site "Loo"]
[Date "2016.04.23"]
[Round "4.16"]
[White "Najdin, Danil"]
[Black "Kruzhilin, Aleksey"]
[Result "1-0"]
[WhiteElo "2305"]
[BlackElo "2161"]
[PlyCount "115"]
[EventDate "2016.04.20"]

1. d4 Nf6 2. Nf3 e6 3. Bg5 h6 4. Bh4 d5 5. e3 c5 6. c3 Nbd7 7. Nbd2 Bd6 8. Bd3
Qc7 9. O-O g5 10. Bg3 Bxg3 11. fxg3 g4 12. Nh4 h5 13. e4 cxd4 14. cxd4 Qb6 15.
Qa4 Qxb2 16. Nb3 Qc3 17. Nc5 O-O 18. exd5 b5 19. Bxb5 Nxc5 20. dxc5 Qxc5+ 21.
Kh1 Nxd5 22. Bc6 Rb8 23. Bxd5 Qxd5 24. Ng6 fxg6 25. Rxf8+ Kxf8 26. Qf4+ Kg7 27.
Qxb8 Bb7 28. Qc7+ Kh6 29. Qf4+ g5 30. Qf2 Kg6 31. Rf1 Qf5 32. Qe2 Qe4 33. Qb2
e5 34. Qf2 Bd5 35. a3 a6 36. Qf6+ Kh7 37. Qe7+ Kh8 38. Rf8+ Bg8 39. Qf6+ Kh7
40. Qf5+ Qxf5 41. Rxf5 Kg6 42. Rxe5 Bc4 43. Kg1 Kf6 44. Rc5 Bb5 45. Kf2 Kg6 46.
Rd5 Bc4 47. Rd6+ Kg7 48. a4 Kh7 49. a5 Kg7 50. Ke3 Bf1 51. Kd4 Kf7 52. Ke5 Ke7
53. Rf6 Bd3 54. Rh6 h4 55. gxh4 gxh4 56. Rxh4 Kd7 57. Rxg4 Kc6 58. Rb4 1-0

[Event "Russian Championship B19 2016"]
[Site "Loo"]
[Date "2016.04.23"]
[Round "4.17"]
[White "Petrushev, Nikita"]
[Black "Bychkov, Vladimir"]
[Result "1-0"]
[WhiteElo "2024"]
[BlackElo "2176"]
[PlyCount "99"]
[EventDate "2016.04.20"]

1. e4 e6 2. d4 d5 3. Nc3 Nf6 4. Bg5 Be7 5. e5 Nfd7 6. h4 Nc6 7. Nf3 Nb6 8. Be2
Bd7 9. Qd2 a6 10. Bxe7 Qxe7 11. Qg5 f6 12. exf6 gxf6 13. Qh5+ Qf7 14. Qxf7+
Kxf7 15. O-O-O Rhg8 16. Rhg1 Ke7 17. Nh2 h6 18. g4 Kd6 19. f4 Ne7 20. Rgf1 Raf8
21. b3 c5 22. dxc5+ Kxc5 23. a4 Rd8 24. Kb2 Bc6 25. Nf3 Na8 26. a5 Nc7 27. Nd4
Rgf8 28. b4+ Kd6 29. Ne4+ Kd7 30. Nc5+ Kd6 31. f5 exf5 32. Nxf5+ Nxf5 33. Rxf5
Rde8 34. Bf3 Re5 35. c4 Rxf5 36. gxf5 Rg8 37. cxd5 Nxd5 38. Bxd5 Bxd5 39. Nxb7+
Ke5 40. Nc5 Bc4 41. Nd7+ Kf4 42. Rd6 Rh8 43. Rxf6 Ke4 44. Kc3 Bb5 45. Nc5+ Ke5
46. Rb6 h5 47. Nxa6 Bf1 48. Nc5 Rg8 49. Nd7+ Kxf5 50. Rf6+ 1-0

[Event "Russian Championship B19 2016"]
[Site "Loo"]
[Date "2016.04.23"]
[Round "4.18"]
[White "Konaplev, Anton"]
[Black "Kappushev, Ahmat"]
[Result "1-0"]
[WhiteElo "2165"]
[BlackElo "1903"]
[PlyCount "111"]
[EventDate "2016.04.20"]

1. d4 Nf6 2. c4 g6 3. Nc3 Bg7 4. e4 d6 5. Be2 O-O 6. Bg5 Nbd7 7. Qd2 e5 8. d5
Qe8 9. f3 a5 10. O-O-O Nc5 11. g4 Kh8 12. h4 Ng8 13. h5 h6 14. hxg6 fxg6 15.
Rh2 Qf7 16. Nh3 Bf6 17. Bxh6 Nxh6 18. Ng5 Bxg5 19. Qxg5 Qf4+ 20. Qxf4 Rxf4 21.
Rxh6+ Kg7 22. Rdh1 Bd7 23. Rh7+ Kf6 24. Nd1 Rg8 25. Nf2 Rg7 26. R1h6 Kf7 27.
Nh3 Rxh7 28. Rxh7+ Kg8 29. Ng5 Rf8 30. Kc2 b6 31. b3 Ra8 32. a3 Rc8 33. b4 Ba4+
34. Kc3 Nd7 35. Re7 Kf8 36. Rf7+ Kg8 37. Rh7 Nf8 38. Re7 Bd7 39. c5 axb4+ 40.
axb4 Re8 41. Rf7 bxc5 42. bxc5 dxc5 43. Kc4 c6 44. Kxc5 cxd5 45. exd5 e4 46. f4
e3 47. Kd6 Rd8 48. Ke7 Rb8 49. d6 Bc6 50. Rxf8+ Rxf8 51. Bc4+ Bd5 52. Bxd5+ Kg7
53. Ne6+ Kh8 54. Kxf8 e2 55. d7 e1=Q 56. d8=Q 1-0

[Event "Russian Championship B19 2016"]
[Site "Loo"]
[Date "2016.04.23"]
[Round "4.19"]
[White "Karpinskiy, Kirill"]
[Black "Ufimtsev, Egor"]
[Result "1/2-1/2"]
[WhiteElo "1984"]
[BlackElo "2034"]
[PlyCount "80"]
[EventDate "2016.04.20"]

1. d4 Nf6 2. Nf3 e6 3. g3 b6 4. Bg2 Bb7 5. c4 Bb4+ 6. Bd2 a5 7. O-O O-O 8. a3
Be7 9. Nc3 Ne4 10. Qc2 Nxc3 11. Bxc3 d5 12. Ne5 Nd7 13. Qa4 Nxe5 14. dxe5 Qc8
15. cxd5 exd5 16. Rfd1 Qe6 17. e4 dxe4 18. Bxe4 Bxe4 19. Qxe4 Rad8 20. Rxd8
Rxd8 21. Re1 Qd5 22. Kg2 a4 23. Qxd5 Rxd5 24. Kf3 b5 25. Re4 Rd7 26. Re2 c5 27.
Rd2 Rb7 28. Rc2 b4 29. Bd2 h6 30. Rc4 Rd7 31. Be3 Rd1 32. Bxc5 Bxc5 33. Rxc5
Rd2 34. Ke3 Rxb2 35. axb4 Rxb4 36. Ra5 Rb3+ 37. Ke4 Rb2 38. f4 Rxh2 39. Rxa4 g6
40. Ra6 h5 1/2-1/2

[Event "Russian Championship B19 2016"]
[Site "Loo"]
[Date "2016.04.23"]
[Round "4.20"]
[White "Sivtsev, Mikhail"]
[Black "Bondarenko, Ivan"]
[Result "1/2-1/2"]
[WhiteElo "1946"]
[BlackElo "2194"]
[PlyCount "90"]
[EventDate "2016.04.20"]

1. e4 c5 2. Nc3 Nc6 3. f4 d6 4. Nf3 Bg4 5. Bb5 e6 6. Bxc6+ bxc6 7. O-O Nf6 8.
h3 Bxf3 9. Qxf3 Nd7 10. d3 Be7 11. Bd2 O-O 12. Rae1 Bf6 13. b3 Bd4+ 14. Kh1 Qa5
15. Nb1 Qxa2 16. e5 Qxc2 17. Qxc6 Rfd8 18. Ba5 Nb6 19. exd6 Qxd3 20. d7 Qxb3
21. f5 e5 22. Rf3 Qc2 23. f6 g6 24. Na3 Qa2 25. Bxb6 axb6 26. Nb5 Qa5 27. Rb1
Qa2 28. Re1 Qd2 29. Rff1 h5 30. Nd6 Ra2 31. Nxf7 Rxd7 32. Nh6+ Qxh6 33. Qe6+
Rf7 34. Qxa2 Qf8 35. Qe6 Kh7 36. Re4 b5 37. g4 hxg4 38. Rxg4 c4 39. Rf3 e4 40.
Rh4+ Kg8 41. Rg3 Bxf6 42. Rxg6+ Bg7 43. Rhg4 Kh8 44. Rh4+ Kg8 45. Rhg4 Kh8
1/2-1/2

[Event "Russian Championship B19 2016"]
[Site "Loo"]
[Date "2016.04.23"]
[Round "4.21"]
[White "Dinulin, Ilya"]
[Black "Sinyanskiy, Maxim"]
[Result "0-1"]
[WhiteElo "1812"]
[BlackElo "1990"]
[PlyCount "66"]
[EventDate "2016.04.20"]

1. d4 Nf6 2. Nf3 e6 3. Bf4 b6 4. e3 Bb7 5. h3 Be7 6. Be2 O-O 7. O-O Ne4 8. Nbd2
f5 9. c4 d6 10. Rc1 Nd7 11. Qb3 c5 12. Nxe4 fxe4 13. Nd2 cxd4 14. Bg3 Nc5 15.
Qd1 d3 16. Bg4 a5 17. Nb3 Bc8 18. Nxc5 bxc5 19. f3 Bg5 20. Qd2 d5 21. cxd5 exd5
22. Rxc5 Bxg4 23. hxg4 Be7 24. Rc7 Bb4 25. Qd1 Rc8 26. Rxc8 Qxc8 27. a3 Bc5 28.
Qd2 Qa6 29. f4 Qb6 30. Bf2 d4 31. exd4 Bxd4 32. Bxd4 Qxd4+ 33. Kh1 e3 0-1

[Event "Russian Championship B19 2016"]
[Site "Loo"]
[Date "2016.04.23"]
[Round "4.22"]
[White "Ermachkov, Ilja"]
[Black "Beljskij, Ilja"]
[Result "1/2-1/2"]
[WhiteElo "1730"]
[BlackElo "2110"]
[PlyCount "123"]
[EventDate "2016.04.20"]

1. Nf3 Nf6 2. c4 e6 3. d4 c5 4. e3 cxd4 5. exd4 d5 6. Be2 Be7 7. O-O O-O 8. Nc3
Nc6 9. b3 dxc4 10. Bxc4 Qa5 11. Bb2 Rd8 12. Ne2 b5 13. Bd3 Bb7 14. Ne5 Rac8 15.
Nxc6 Bxc6 16. Qb1 g6 17. Ng3 Qb6 18. Ne4 Nxe4 19. Bxe4 Bf6 20. Bxc6 Rxc6 21.
Rc1 Rxc1+ 22. Qxc1 Bxd4 23. Bxd4 Qxd4 24. h3 Rd5 25. Qc8+ Kg7 26. Rc1 Rf5 27.
Qc3 Qxc3 28. Rxc3 b4 29. Rc7 a5 30. Ra7 Kf6 31. Ra8 h5 32. h4 Rc5 33. g3 Kf5
34. Ra7 f6 35. Ra6 e5 36. Kg2 e4 37. Kf1 g5 38. hxg5 fxg5 39. Ra8 Ke5 40. Rh8
Rc2 41. Rxh5 Kf5 42. Rh8 Rxa2 43. Rf8+ Ke6 44. Rg8 a4 45. bxa4 b3 46. Rb8 b2
47. Kg2 e3 48. Rb6+ Kf5 49. Rb5+ Ke4 50. Rb8 e2 51. Re8+ Kd5 52. Rd8+ Kc6 53.
Rc8+ Kd7 54. Rb8 b1=Q 55. Rxb1 Rxa4 56. Re1 Ke6 57. Rxe2+ Kf5 58. Rb2 g4 59.
Rb8 Ra2 60. Rf8+ Kg5 61. Rf4 Rb2 62. Rf8 1/2-1/2

[Event "Russian Championship G17 1st league 2016"]
[Site "Loo"]
[Date "2016.04.23"]
[Round "4.1"]
[White "Kirakosyan, Kamilla"]
[Black "Grekhneva, Yana"]
[Result "0-1"]
[WhiteElo "1769"]
[BlackElo "1809"]
[PlyCount "64"]
[EventDate "2016.04.20"]

1. e4 c5 2. Nf3 Nc6 3. d4 cxd4 4. Nxd4 Nf6 5. Nc3 e5 6. Ndb5 d6 7. Bg5 a6 8.
Na3 b5 9. Nd5 Be7 10. Bxf6 Bxf6 11. c4 b4 12. Nc2 a5 13. Be2 O-O 14. O-O Bg5
15. b3 Bb7 16. Qd3 g6 17. Rad1 Ne7 18. Nxe7+ Bxe7 19. Ne3 f5 20. Bf3 f4 21. Nd5
Ra6 22. Bg4 Bg5 23. Qc2 Rc6 24. Qb2 h5 25. Be2 Rc5 26. a3 Qd7 27. axb4 axb4 28.
Bf3 Bxd5 29. Rxd5 Rxd5 30. exd5 e4 31. Bxe4 f3 32. Bxg6 Qg4 0-1

[Event "Russian Championship G17 1st league 2016"]
[Site "Loo"]
[Date "2016.04.23"]
[Round "4.2"]
[White "Fokina, Elina"]
[Black "Logunova, Elizaveta"]
[Result "1-0"]
[WhiteElo "1693"]
[BlackElo "1731"]
[PlyCount "77"]
[EventDate "2016.04.20"]

1. e4 c6 2. d4 d5 3. exd5 cxd5 4. Bd3 Nc6 5. c3 Nf6 6. h3 g6 7. Qc2 Bg7 8. Ne2
O-O 9. O-O e5 10. dxe5 Nxe5 11. Nd4 Nxd3 12. Qxd3 Re8 13. Nd2 a6 14. N2f3 b5
15. a4 Bd7 16. axb5 axb5 17. Rxa8 Qxa8 18. Rd1 Qb7 19. Bd2 Ne4 20. Nc2 Nxf2 21.
Kxf2 Bf5 22. Qf1 Bxc2 23. Re1 Rxe1 24. Qxe1 Be4 25. Nd4 Be5 26. Qe3 Qa6 27. Qg5
Bf6 28. Qf4 b4 29. Qb8+ Kg7 30. Qxb4 Qd3 31. Bf4 Bh4+ 32. g3 g5 33. Be5+ f6 34.
Qe7+ Kg8 35. Qe8+ Kg7 36. Ne6+ Kh6 37. Qf8+ Kh5 38. Ng7+ Kh6 39. Nf5+ 1-0

[Event "Russian Championship G17 1st league 2016"]
[Site "Loo"]
[Date "2016.04.23"]
[Round "4.3"]
[White "Polzunova, Anastasiya"]
[Black "Pivina, Mariya"]
[Result "1/2-1/2"]
[WhiteElo "1645"]
[BlackElo "1857"]
[PlyCount "84"]
[EventDate "2016.04.20"]

1. e4 c5 2. Nf3 e6 3. d4 cxd4 4. Nxd4 Nc6 5. Nc3 Qc7 6. Be3 a6 7. Be2 Nf6 8.
O-O Be7 9. f4 d6 10. a4 O-O 11. Qe1 Bd7 12. Qg3 Rad8 13. f5 Nxd4 14. Bxd4 Bc6
15. fxe6 fxe6 16. a5 Rd7 17. Bg4 Nxg4 18. Qxg4 e5 19. Qe6+ Kh8 20. Rxf8+ Bxf8
21. Rf1 Qd8 22. Bb6 Qe7 23. Qf5 Kg8 24. Rd1 Qf7 25. Qxf7+ Rxf7 26. Nd5 Bxd5 27.
Rxd5 Rf4 28. Bc7 Rxe4 29. Bxd6 Bxd6 30. Rxd6 Rb4 31. b3 Kf7 32. Rd7+ Kf6 33.
Kf2 h5 34. Ke3 g6 35. h3 Ke6 36. Rg7 Kf5 37. Rf7+ Kg5 38. Rc7 Kf6 39. Rd7 g5
40. g3 h4 41. g4 Ke6 42. Rg7 Kf6 1/2-1/2

[Event "Russian Championship G17 1st league 2016"]
[Site "Loo"]
[Date "2016.04.23"]
[Round "4.4"]
[White "Kuznetsova, Darya"]
[Black "Hilova, Evelina"]
[Result "0-1"]
[WhiteElo "1989"]
[BlackElo "1770"]
[PlyCount "56"]
[EventDate "2016.04.20"]

1. e4 c5 2. Nf3 e6 3. c4 Nc6 4. d4 cxd4 5. Nxd4 Nf6 6. Nc3 Bb4 7. Nxc6 bxc6 8.
Qc2 d5 9. cxd5 exd5 10. Bd2 dxe4 11. O-O-O O-O 12. Nxe4 Bxd2+ 13. Rxd2 Qe7 14.
Bd3 Nd5 15. Qc5 Qc7 16. Ng5 g6 17. h4 Nf4 18. Bc4 Bf5 19. h5 Rad8 20. Rhd1 Rxd2
21. Rxd2 Nxh5 22. f3 Qf4 23. g4 Qxg5 24. Qd4 Ng3 25. gxf5 Nxf5 26. Qxa7 Rd8 27.
Bxf7+ Kf8 28. Qc5+ Kxf7 0-1